Yo y tú

保存先:
書誌詳細
第一著者: Buber, Martin
フォーマット: 図書
言語:スペイン語
出版事項: Buenos Aires, Argentina Nueva Visión 1969
シリーズ:Colección Ensayos. Filosofía
主題:
タグ: タグ追加
タグなし, このレコードへの初めてのタグを付けませんか!

MARC

LEADER 00000nam a2200000 a 4500
001 UCY5621
003 CL-VaPUC
005 20250108095048.0
008 950512e19690815AG |||||||||||||||||spa|d
999 |c 233253  |d 233251 
040 |c Pontificia Universidad Católica de Valparaíso 
082 0 4 |a 128 BUB 1969  |2 21 
100 |a Buber, Martin  |9 348211 
245 1 0 |a Yo y tú 
260 0 3 |a Buenos Aires, Argentina  |b Nueva Visión  |c 1969 
300 |a 110 páginas 
490 0 |a Colección Ensayos. Filosofía 
583 |a last modification  |c 19950512 00:00:00  |k Rodrigo Vera 
650 7 |a HOMBRE  |2 CL-VaPUC  |9 262149 
650 7 |a INDIVIDUALIDAD  |2 CL-VaPUC  |9 268124 
650 0 |a Experiencia  |9 308852 
650 0 |a Antropología filosófica  |9 265842 
650 0 |a Relaciones interpersonales  |9 307056 
942 |c BK  |2 ddc 
945 |d 19950512 00:00:00  |a mfernand 
952 |0 0  |1 0  |2 ddc  |4 0  |6 128_000000000000000_BUB_1969  |7 0  |8 P  |9 238643  |a BIBEDU  |b BIBEDU  |c BIBEDU_PB  |d 2019-11-18  |i 1503073  |o 128 BUB 1969  |p 1503073  |r 2024-01-25  |t 1  |w 2019-11-18  |y BK  |k EDU